| Поле | Название | Значение |
| |
Тип записи |
a |
| |
Библиографический уровень |
m |
| 001 |
Контрольный номер |
RU\infra-m\znanium\bibl\1844169 |
| 005 |
Дата корректировки |
20230313235256.1 |
| 008 |
Кодируемые данные |
221025s2022 RU g rus u |
| 020 |
Индекс ISBN |
__ |
| a |
ISBN |
978-5-16-017331-3 |
| 020 |
Индекс ISBN |
__ |
| a |
ISBN |
978-5-16-109885-1 |
| 040 |
Источник каталогиз. |
__ |
| a |
Служба первич. каталог. |
Общество с ограниченной ответственностью «ЗНАНИУМ» |
| 041 |
Код языка издания |
__ |
| a |
Код языка текста |
rus |
| 044 |
Код страны публикации |
__ |
| a |
Код страны публикации |
RU |
| 080 |
Индекс УДК |
__ |
| a |
Индекс УДК |
72.033.5(075.4) |
| 084 |
Индекс другой классификации/Индекс ББК |
__ |
| 2 |
Источник индекса |
rubbk |
| a |
Индекс другой классификации/Индекс ББК |
85.113(3) |
| 084 |
Индекс другой классификации/Индекс ББК |
__ |
| 2 |
Источник индекса |
okso |
| a |
Индекс другой классификации/Индекс ББК |
07.04.01 |
| 084 |
Индекс другой классификации/Индекс ББК |
__ |
| 2 |
Источник индекса |
okso |
| a |
Индекс другой классификации/Индекс ББК |
07.06.01 |
| 100 |
Автор |
__ |
| a |
Автор |
Орлов Игорь Иванович |
| q |
Полное имя |
Игорь Иванович |
| 245 |
Заглавие |
__ |
| a |
Заглавие |
Южнофранцузская готика |
| b |
Продолж. заглавия |
Монография; Монография |
| c |
Ответственность |
Липецкий Государственный Технический Университет |
| 250 |
Сведения об издании |
__ |
| a |
Основные сведения об издании |
1 |
| 260 |
Выходные данные |
__ |
| a |
Место издания |
Москва |
| b |
Издательство |
ООО "Научно-издательский центр ИНФРА-М" |
| c |
Дата издания |
2023 |
| 300 |
Физическое описание |
__ |
| a |
Объем |
426 с. |
| 440 |
Серия |
__ |
| a |
Серия |
Научная мысль |
| 520 |
Аннотация |
__ |
| a |
Аннотация |
Основная цель монографии — выявление глубокой и сложной взаимосвязи религиозно-мистической парадигмы самобытной «Окситанской цивилизации» Юга Франции и католической Церкви победившей в кровопролитных Альбигойских войнах с художественной практикой строителей культовых готических сооружений Юга Франции. Помимо ранее использованных в научном обороте литературных источников были привлечены материалы малоизвестных зарубежных публикаций архивных документов (любезно предоставленных музеем «Огюстен» Тулузским университетом и Католическим институтом Тулузы Центром Катарских исследований в Каркассоне) а также материалы непосредственного исследования автором натурных объектов изучаемого региона. Анализ всех этих данных позволил по-новому увидеть и оценить культурно-исторический фон ставший благодатной почвой для появления и распространения готического искусства последующего формирования и распространения своеобразной готической архитектуры Юга Франции. Впервые вводятся |
| 521 |
Примеч. о цел. назн. |
__ |
| a |
Примеч. о целев. назн. |
Дополнительное профессиональное образование |
| 650 |
Тематические рубрики |
__ |
| a |
Основная рубрика |
Архитектура. Искусство |
| x |
Основная подрубрика |
Теория и история архитектуры |
| 856 |
Электронный адрес документа |
4_ |
| a |
Имя сервера/домена |
znanium.com |
| m |
Помощь |
ebs_support@infra-m.ru |
| n |
Местонахождение сервера |
НИЦ ИНФРА-М |
| u |
URL |
https://znanium.com/catalog/document?id=420213 |
| 856 |
Электронный адрес документа |
41 |
| a |
Имя сервера/домена |
znanium.com |
| d |
Путь |
/cover/1844 |
| f |
Электронное имя |
1844169.jpg |
| q |
Тип электронного формата |
image/jpeg |
| u |
URL |
https://znanium.com/cover/1844/1844169.jpg |
| 911 |
|
__ |
| u |
|
0030=https://znanium.com/catalog/document?id=420213 |
| 911 |
|
__ |
| u |
|
608a=Монография |
| u |
|
6082=local |
| 911 |
|
__ |
| u |
|
9034=169 |
| 911 |
|
__ |
| u |
|
951p=s://znanium.com/catalog/document?id=420213&pid= |